| 000 | 01283cam a2200241 4500 | ||
|---|---|---|---|
| 001 | WB3942-06 | ||
| 008 | 031104n2003 000 0 eng u | ||
| 035 | _a(Sirsi) u124227 | ||
| 245 | _aStrategic environmental assessment guidance launched | ||
| 260 | _c2003 | ||
| 490 |
_aODPM News Release _v(2003/0223) 27 October 2003 (2) |
||
| 520 | _aODPM has published new guidance for planning authorities on how to meet the requirements of the strategic environmental assessment (Directive 2001/42/EC), which will apply to development plans when it takes effect in July 2004. It will form a key part of the sustainable development agenda for the new planning system, applying to land use and spatial plans in both the present planning system and that proposed under the Planning Bill. The guidance is available at http://www.odpm.gov.uk/stellent/groups/odpm_planning/documents/page/odpm_plan_025198.pdf. http://www.odpm.gov.uk/pns/DisplayPN.cgi?pn_id=2003_0223 | ||
| 590 | _aWB | ||
| 650 | _aPLANNING AUTHORITIES | ||
| 650 |
_aLand use _96251 |
||
| 650 | _aSPATIAL PLANS | ||
| 650 | _aSUSTAINABILITY APPRAISAL | ||
| 650 | _aSTRATEGIC ENVIRONMENTAL ASSESSMENTS | ||
| 650 | _aDEVELOPMENT PLANNING | ||
| 650 | _aPLANNING BILL | ||
| 690 | _aDEVELOPMENT-SUSTAINABLE | ||
| 942 | _n0 | ||
| 999 |
_c73737 _d73737 |
||